| 000 | 00702cam a22002531 4500 | ||
|---|---|---|---|
| 001 | 35475 | ||
| 003 | BD-RjUL | ||
| 005 | 20211209052328.0 | ||
| 008 | 140525s1960 nyu 001 0 eng | ||
| 035 | _a(BD-RjUL)35569 | ||
| 035 | _a(OCoLC)2481507 | ||
| 040 |
_aDLC _cOTU _dBD-RjUL _beng |
||
| 041 | _aeng | ||
| 082 | 0 | 0 |
_a304.6 _bCHW 1960 |
| 100 | 1 |
_aChen, Kuan-I, _d1926- _9107999 |
|
| 245 | 1 | 0 |
_aWorld population growth and living standards / _cKuan-I Chen. |
| 260 |
_aNew York : _bBookman Associates, _cc1960. |
||
| 300 |
_a96 p. ; _c23 cm. |
||
| 504 | _aIncludes bibliography and index. | ||
| 650 | 0 |
_aPopulation. _9108000 |
|
| 942 |
_2ddc _cBK |
||
| 999 |
_c35475 _d35475 |
||